| 000 | 00457nam a22001577a 4500 | ||
|---|---|---|---|
| 999 |
_c16809 _d16809 |
||
| 003 | AR-CdUCM | ||
| 008 | 190506b ||||| |||| 00| 0 sp d | ||
| 040 |
_aMUNICIPALIDAD PROVINCIAL DEL CUSCO _cBIBLIOTECA MUNICIPAL DEL CUSCO |
||
| 082 |
_a925 / _bB39 |
||
| 100 |
_aBerland, Theodore _922112 |
||
| 245 | _aComo viven los hombres de ciencia / | ||
| 260 |
_aMexico : _bLMU, _c1965. |
||
| 300 |
_a424 páginas ; _c20 cm. |
||
| 942 |
_2ddc _cLIBROS |
||
| 945 | _awfj | ||